Printing architecture : innovative recipes for 3D printing /

Printing Architecture explains how architects and designers can manipulate particles of light and bits of data to transform dust from the material world into customized objects and products that serve as new building blocks for the future. It provides students and practitioners with examples of nove...

Full description

Bibliographic Details
Main Authors: Rael, Ronald, 1971- (Author), San Fratello, Virginia (Author)
Format: Book
Language:English
Published: Hudson, New York : Princeton Architectural Press, [2018]
Edition:First edition.
Series:Architecture briefs.
Subjects:

MARC

Tag First Indicator Second Indicator Subfields
LEADER 00000cam a2200000 i 4500
001 in00004020006
005 20180718090030.0
008 170728t20182018nyua b 000 0 eng
010 |a  2017035833 
020 |a 9781616896966  |q paperback 
020 |a 1616896965  |q paperback 
035 |a (OCoLC)ocn993420012 
040 |a DLC  |e rda  |c DLC  |d UtOrBLW 
049 |a TXAM 
050 0 0 |a TS171.95  |b .R34 2018 
082 0 0 |a 621.9/88  |2 23 
100 1 |a Rael, Ronald,  |d 1971-  |e author.  |0 http://id.loc.gov/authorities/names/n2008016295 
245 1 0 |a Printing architecture :  |b innovative recipes for 3D printing /  |c Ronald Rael and Virginia San Fratello. 
250 |a First edition. 
264 1 |a Hudson, New York :  |b Princeton Architectural Press,  |c [2018] 
264 4 |c ©2018 
300 |a 173 pages :  |b color illustrations ;  |c 22 cm. 
336 |a text  |b txt  |2 rdacontent 
336 |a still image  |b sti  |2 rdacontent 
337 |a unmediated  |b n  |2 rdamedia 
338 |a volume  |b nc  |2 rdacarrier 
490 1 |a Architecture briefs. The foundations of architecture 
504 |a Includes bibliographical references. 
520 |a Printing Architecture explains how architects and designers can manipulate particles of light and bits of data to transform dust from the material world into customized objects and products that serve as new building blocks for the future. It provides students and practitioners with examples of novel 3D-printable materials, such as sand, cement, ceramic, wood, salt, rubber, coffee, tea and Chardonnay, and applications in design and architecture developed by pioneers of the process. 
650 0 |a Three-dimensional printing.  |0 http://id.loc.gov/authorities/subjects/sh2009006799 
650 0 |a Building materials.  |0 http://id.loc.gov/authorities/subjects/sh85017740 
650 7 |a ARCHITECTURE  |x General.  |2 bisacsh 
700 1 |a San Fratello, Virginia,  |e author.  |0 http://id.loc.gov/authorities/names/n2017044931 
830 0 |a Architecture briefs.  |0 http://id.loc.gov/authorities/names/no2008093860 
945 |b 549553 
947 |a A14850519746 
948 |a cataloged  |b h  |c 2018/5/4  |d c  |e dmitchel  |f 8:50:40 am 
994 |a 92  |b TXA 
999 f f |s 77803f96-5c10-3b22-a969-d1a3dc522787  |i f8a6f2b6-56bd-38a8-ad49-e117b0e0a416  |t 0 
952 f f |p normal  |a Texas A&M University  |b College Station  |c Sterling C. Evans Library  |d Evans: Library Stacks  |t 0  |e TS171.95 .R34 2018  |h Library of Congress classification  |i unmediated -- volume  |m A14850519746 
998 f f |a TS171.95 .R34 2018  |t 0  |l Evans: Library Stacks